000 00830nam a22002531u 4500
001 04227
003 HDC
007 cr cn ---aaaaa
008 210115p9999 fo d 00 engg
040 _aHDC
245 0 _aFOOD INGREDIENT NUMBERS: (E-numbers)
260 _a[no place] :
_b[publisher not identified],
_c[no year]
300 _a8 pages :
_billustrations
336 _atext
_2rdacontent
337 _acomputer
_2rdamedia
338 _aonline resource
_2rdacarrier
650 _aE-Numbers
_94333
650 _aIngredient numbers
_94335
650 _avarious food products
_94334
856 _zRequest full-text at [email protected]
942 _2lcc
942 _cEIS
942 _kREPT-9999-000164
999 _c1552
_d1552